| 000 | 00654nam a2200241Ia 4500 | ||
|---|---|---|---|
| 003 | OSt | ||
| 005 | 20221005093010.0 | ||
| 006 | a|||||r|||| 00| 0 | ||
| 007 | ta | ||
| 008 | 221004b |||||||| |||| 00| 0 eng d | ||
| 024 | _a64 | ||
| 037 | _cTextual | ||
| 040 |
_aCRL _cCRL _beng |
||
| 041 |
_2eng _aeng |
||
| 082 | _aR3xC652x, H8 | ||
| 100 | _aPlato | ||
| 245 | 0 | _aEuthyphro apology and crito and the death scene from phaedo. Tr. by F.J. Church | |
| 260 |
_aNew York _bthe Libral Arts Press USA _c1948 |
||
| 300 |
_a68p. _ccm. |
||
| 650 | _aPHILOSOPHY | ||
| 942 |
_hR3xC652x, H8 _cTEXL _2cc |
||
| 999 |
_c999691 _d999691 |
||